000 01050nam a2200289Ia 4500
003 OSt
005 20221005110556.0
006 a|||||r|||| 00| 0
007 ta
008 221004b |||||||| |||| 00| 0 hin d
020 _a9789326354660 (hbk)
_cINR 200.00
024 _a37523
037 _bBW/1692, 15/03/2018, Bookwell
_cTextual
040 _aCRL
_cCRL
_bhin
041 _2hin
_ahin
082 _aO152,3NCH,JA, Q7
100 _aचौबे, संतोष, ले.
245 0 _aजलतरंग
246 _aJalataranga
260 _aनई दिल्ली
_bभारतीय ज्ञानपीठ भारत
_c2017
300 _a143पृ0
_ccm.
490 _aलोकोदय ग्रन्थमाला; ग्रन्थांक 1282
650 _a हिन्दी साहित्य
650 _aहिन्दी कहानी
942 _hO152,3NCH,JA, Q7
_cTEXL
_2cc
999 _c1019258
_d1019258